| 000 | 00549nam a2200193Ia 4500 | ||
|---|---|---|---|
| 005 | 20250923145829.0 | ||
| 008 | 008 250917s9999 xx 000 0 eng d | ||
| 037 | _aTextual | ||
| 040 |
_aDSWL _beng _cDSWL |
||
| 041 |
_aeng _2eng |
||
| 084 |
_aY5x2, N86 _qDSWL |
||
| 245 | 0 |
_aDeterminants of social status in India _cEd. by S.C. Malik |
|
| 260 |
_aSimla _bI.I.A.S. & Delhi Motilal Banarsidas _c1986 |
||
| 300 | _axi,192p. | ||
| 365 |
_aINR _b120.00 |
||
| 925 | _g120.00 | ||
| 942 |
_cTEXL _hY5x2, N86 |
||
| 999 |
_c1456212 _d1456212 |
||